000
00328 a2200145 4500
001
180658
020
_a
040
_c
Magnum
100
_a
Padilla, Gilda Figueiredo
240
1
0
_a
Os tamanquinhos de ouro
_l
por
245
1
0
_a
Os tamanquinhos de ouro
362
0
_a
1899
697
_a
MAGNITO: IJ/FADAS, FANTASIA
942
_c
BK
999
_c
180658
_d
180658